Sports Quiz

Random Sports or NBA Quiz

NBA Most Starts at Center By Team (2000s) Quiz Stats

 Plays Quiz Updated May 20, 2018

Challenge
Share
Tweet
Embed
Score 0/90 Timer 13:00
0 Plays Today
% Correct
Shaquille O'Neal
92.5%
Shaquille O'Neal
92.5%
Shaquille O'Neal
92.5%
Shaquille O'Neal
92.5%
Jermaine O'Neal
91.6%
Dwight Howard
82.8%
Tim Duncan
78.4%
Yao Ming
78.3%
Pau Gasol
74.8%
Marc Gasol
74.8%
Ben Wallace
73.4%
Rasheed Wallace
73.3%
David Robinson
69.6%
Kendrick Perkins
67.6%
Al Horford
67.4%
Tyson Chandler
63.1%
Tyson Chandler
63.1%
Zydrunas Ilgauskas
61.3%
Dikembe Mutombo
59.3%
Dikembe Mutombo
59.3%
Alonzo Mourning
54.6%
Amare Stoudemire
54.4%
Joakim Noah
54.3%
Andrew Bogut
51.5%
Vlade Divac
51.3%
Dirk Nowitzki
50.3%
Dale Davis
49.9%
Antonio Davis
49.9%
Andrew Bynum
48.2%
Marcus Camby
44.6%
% Correct
Marcus Camby
44.6%
Brook Lopez
44.5%
Emeka Okafor
43.4%
Al Jefferson
42%
Eddy Curry
41.8%
Eddy Curry
41.8%
Chris Kaman
39.1%
Nene Hilario
38.5%
Mehmet Okur
38.3%
Mehmet Okur
38.3%
Brad Miller
36.1%
Erick Dampier
35.4%
Erick Dampier
35.4%
Kwame Brown
35.2%
David Lee
34.1%
Samuel Dalembert
33%
Brendan Haywood
31.6%
Roy Hibbert
30.1%
Nick Collison
29.4%
Kurt Thomas
29.3%
Shawn Bradley
27.2%
Andrea Bargnani
27.1%
Andris Biedrins
26.4%
Jason Collins
23.8%
Jarron Collins
23.8%
Zaza Pachulia
22.2%
Jeff Foster
21.9%
Theo Ratliff
21.8%
Theo Ratliff
21.8%
Greg Ostertag
20.8%
% Correct
Jerome James
20.4%
Nazr Mohammed
20.3%
Brian Grant
20.1%
Rasho Nesterovic
19.7%
Rasho Nesterovic
19.7%
Rasho Nesterovic
19.7%
Michael Olowokandi
17.5%
Jamaal Magloire
17.3%
Jahidi White
15.1%
Nenad Krstic
14.1%
Joel Przybilla
13.6%
Joel Przybilla
13.6%
Primoz Brezec
13.2%
Adonal Foyle
12.4%
Lorenzen Wright
12.4%
Chris Mihm
12.3%
Chris Mihm
12.3%
Raef LaFrentz
11.8%
Spencer Hawes
11.6%
Tony Battie
11.3%
Mark Blount
9.6%
Mark Blount
9.6%
Elden Campbell
8.6%
Kelvin Cato
7.5%
Kelvin Cato
7.5%
Dan Gadzuric
6.7%
Todd MacCulloch
5.1%
Steven Hunter
3.6%
Jake Tsakalidis
2.1%
Andrew DeClercq
1.7%

You're not logged in!

Compare scores with friends on all Sporcle quizzes.
Join for Free
OR
Log In

You Might Also Like...

Show Comments

Extras

Top Quizzes Today


Score Distribution

Your Account Isn't Verified!

In order to create a playlist on Sporcle, you need to verify the email address you used during registration. Go to your Sporcle Settings to finish the process.

Report this User

Report this user for behavior that violates our Community Guidelines.

Details: